000
00286nam a2200121Ia 4500
008
190216s9999||||xx |||||||||||||| ||und||
100
_a
Singh R S
245
0
_a
Palnt Diseases
260
_b
Oxford And Ibh Publishing Co. Pvt Ltd
_c
1969
300
_a
494p
650
_a
Botany
942
_c
BK
999
_c
1100
_d
1100